Sports Quiz

Random Sports or Football Quiz

The Ten Best College Football Fan-Bases Quiz Stats

 Plays Quiz not verified by Sporcle

Score 0/10 Timer 02:00
0 Plays Today
Number Team % Correct
1.Florida
90.3%
2.Alabama
88.2%
5.Texas
87.1%
10.USC
87%
3.Ohio St.
82.1%
4.LSU
70.4%
6.Notre Dame
67.9%
7.Penn St.
62.3%
9.Tennessee
55.5%
8.Oregon
52.1%

You're not logged in!

Compare scores with friends on all Sporcle quizzes.
OR
Log In

Show Comments

Extras

Top Quizzes Today


Score Distribution

Your Account Isn't Verified!

In order to create a playlist on Sporcle, you need to verify the email address you used during registration. Go to your Sporcle Settings to finish the process.

Report this User

Report this user for behavior that violates our Community Guidelines.

Details: